Pranayama (Record no. 95342)
[ view plain ]
| 000 -LEADER | |
|---|---|
| campo de control de longitud fija | 00677nam a2200205 i 4500 |
| 001 - NÚMERO DE CONTROL | |
| campo de control | 95342 |
| 003 - IDENTIFICADOR DE NÚMERO DE CONTROL | |
| campo de control | ES-MaACL |
| 005 - FECHA Y HORA DE LA ÚLTIMA TRANSACCIÓN | |
| campo de control | 20251019063050.0 |
| 007 - CAMPO FIJO DE DESCRIPCIÓN FÍSICA--INFORMACIÓN GENERAL | |
| campo de control de longitud fija | t| |
| 008 - DATOS DE LONGITUD FIJA--INFORMACIÓN GENERAL | |
| campo de control de longitud fija | 050526s1972 cl ||||1| spa d |
| 100 1# - ENTRADA PRINCIPAL--NOMBRE DE PERSONA | |
| Nombre de persona | Van Lysebeth, André, |
| Fechas asociadas al nombre | 1920-2004 |
| 9 (RLIN) | 173805 |
| 245 10 - MENCIÓN DEL TÍTULO | |
| Título | Pranayama |
| Resto del título | : a la serenidad por el yoga / |
| Mención de responsabilidad, etc. | André van Lysebeth; prólogo de Jean Herbert; [traductor: Sergio Tapia]. |
| 250 ## - MENCION DE EDICION | |
| Mención de edición | [1ª ed.]. |
| 260 ## - PUBLICACIÓN, DISTRIBUCIÓN, ETC. | |
| Lugar de publicación, distribución, etc. | Santiago de Chile : |
| Nombre del editor, distribuidor, etc. | Pomaire, |
| Fecha de publicación, distribución, etc. | 1972. |
| 300 ## - DESCRIPCIÓN FÍSICA | |
| Extensión | 327 p., 3 lám. : |
| Otras características físicas | il. ; |
| Dimensiones | 23 cm. |
| 700 1# - ENTRADA AGREGADA--NOMBRE PERSONAL | |
| Nombre de persona | Herbert, Jean. |
| 9 (RLIN) | 62657 |
| 700 1# - ENTRADA AGREGADA--NOMBRE PERSONAL | |
| Nombre de persona | Tapia, Sergio. |
| 9 (RLIN) | 109231 |
| 852 ## - LOCALIZACIÓN | |
| Ubicación | ES-MaACL |
| Número de control de estantería | C-44087 |
| Sublocalización o colección | R.83959 |
| Estatus retirado | Estado de pérdida | Estado de daño | No para préstamo | Biblioteca de origen | Biblioteca actual | Ubicación en estantería | Fecha de adquisición | Fuente de adquisición | Total de préstamos | Signatura topográfica completa | Código de barras | Visto por última vez | Precio de reemplazo | Tipo de ítem Koha |
|---|---|---|---|---|---|---|---|---|---|---|---|---|---|---|
| Biblioteca del Ateneo de Madrid | Biblioteca del Ateneo de Madrid | Depósito 2 | 17/01/2008 | C-44087 | 1099557 | 23/02/2023 | 23/02/2023 | Libro impreso |
